000 00958nam a2200229 a 4500
005 20160122090855.0
008 140520s2006 ck do fr|||| 000 0 spa d
020 _a9588188091
040 _aCO-BoIAVH
_cCO-BoIAVH
041 0 _aspa
044 _ack
082 0 4 _a551.302
_bC25e
110 2 _bColombia
_aCorporación Autóma Regional de Cundinamarca
245 1 0 _aExperiencias y resultados en control de erosión en el territorio CAR :
_bproyecto Checua - PROCAS
260 _aBogotá :
_bCorporación Autóma Regional de Cundinamarca :
_bGTZ :
_bKEW,
_c2006.
300 _a62 páginas :
_bGráficos, fotografías;
_c28 x 22 cm.
650 4 _aErosión
_xcontrol
_zCundinamarca (Colombia)
650 4 _aErosión
_xPrevención
_zCundinamarca (Colombia)
650 4 _aPrevención de daños por inundaciones
_zCundinamarca (Colombia)
650 4 _aManejo de cuencas hidrográficas
_zCundinamarca (Colombia)
942 _cLIBRO
_2ddc
999 _c6706
_d6706